Diagnóstico, análisis y recomendaciones para el desarrollo de un corredor de transporte multimodal entre Santiago y Puertos de la Va. Región
Salvato in:
| Enti autori: | , , |
|---|---|
| Natura: | Libro |
| Lingua: | spagnolo |
| Pubblicazione: |
Santiago
República de Chile, Ministerio de Transportes y Telecomunicaciones
1980
|
| Soggetti: | |
| Tags: |
Aggiungi Tag
Nessun Tag, puoi essere il primo ad aggiungerne!!
|
MARC
| LEADER | 00000nam a2200000 a 4500 | ||
|---|---|---|---|
| 001 | UCV4806 | ||
| 003 | CL-VaPUC | ||
| 008 | 930423e19800000CL |||||||||||||||||spa|d | ||
| 082 | 0 | 4 | |a 388.0983 |b POR |2 21 |
| 110 | 2 | |a Port Operations Consultants |e author |9 298996 | |
| 710 | 2 | |a Ingenieros y Economistas Consultores INECON, Chile |e author |9 298997 | |
| 710 | 2 | |a Chile, Ministerio de Transportes y Telecomunicaciones |e author |9 298998 | |
| 245 | 1 | 0 | |a Diagnóstico, análisis y recomendaciones para el desarrollo de un corredor de transporte multimodal entre Santiago y Puertos de la Va. Región |
| 300 | |a v | ||
| 942 | |c BK | ||
| 945 | |d 19930423 00:00:00 | ||
| 260 | |a Santiago |b República de Chile, Ministerio de Transportes y Telecomunicaciones |c 1980 | ||
| 650 | 7 | |a TRANSPORTE |2 CL-VaPUC |9 256365 | |
| 651 | 7 | |a QUINTA REGION, CHILE |2 CL-VaPUC |9 261129 | |
| 651 | 0 | |a Santiago (Chile) |9 261130 | |
| 583 | |a last modification |c 19930423 00:00:00 |k Rodrigo Vera | ||
| 999 | |c 211478 |d 211476 | ||